El jardinero fiel = The Constant Gardener /

Zapisane w:
Opis bibliograficzny
1. autor: Meirelles, Fernando (realización)
Kolejni autorzy: Caine, Jeffrey (guión) (guión), Charlone, César (fotógrafo) (fotógrafo), Simpson, Claire (montaje) (montaje), Iglesias, Alberto (música) (música), Fiennes, Ralph (actuación) (actuación), Weisz, Rachel (actuación) (actuación), Huston, Danny (actuación) (actuación), Burrows, Colin (producción) (producción), Ayers, Philip (producción) (producción), Kotretsos, Sophia (producción) (producción), Ayers, Philip (realización) (realización), Hill, Sean (fotógrafo) (fotógrafo), Kotretsos, Sophia (montaje) (montaje)
Format: Diapozytyw
Język:angielski
Wydane: Londres, Inglaterra : Scion Films : UK Film Council, 2005, c2005
Seria:(Spotlight Focus Features Series)
Hasła przedmiotowe:
Etykiety: Dodaj etykietę
Nie ma etykietki, Dołącz pierwszą etykiete!

MARC

LEADER 00000ngm^a2200000^a^4500
001 000190558
005 20250521000000.0
009 20260310102455.93
037 |a Acervo ITESO - Biblioteca 
041 |a ING 
082 |a 820.  |b MEI 
100 |a Meirelles, Fernando  |e (realización) 
240 1 4 |a [El jardinero fiel. Adaptaciones] 
240 1 4 |a [El jardinero fiel] 
245 1 3 |a El jardinero fiel =  |b The Constant Gardener /  |c Realización de F. Meirelles. 
246 2 |a Título en la pantalla: Anatomía de un filme de suspenso: detrás de las cámaras 
264 4 |a Londres, Inglaterra :  |b Scion Films :  |b UK Film Council,  |c 2005, c2005 
264 2 |a México :  |b Universal Pictures [distribución],  |c 2006, c2006 
300 |a 1 DVD regiones 1 y 4  |c (128, 9, 8, 12 min.) 
336 |a imagen móvil bidimensional  |b tdi  |2 rdacontenido 
337 |a video  |b v  |2 rdamedio 
338 |a videodisco  |b vd  |2 rdasoporte 
440 1 |a (Spotlight Focus Features Series) 
500 |a Basado en: El jardinero fiel, de John Le Carré 
546 |a En alemán, inglés, italiano y swahili, con subtítulos opcionales: español, portugués 
546 |a Doblaje opcional: español, portugués 
586 |a Premio de la Academia Europea de Cine (18°: 2005): Mejor Película No Europea – Premio Pantalla Internacional (finalista) 
586 |a Premio BAFTA, de la Academia Británica de Cine y Televisión (59°: 2005): Mejor Película (finalista) 
586 |a Premio BAFTA, de la Academia Británica de Cine y Televisión (59°: 2005): Mejor Película Británica – Premio Alexander Korda (finalista) 
586 |a Premio BAFTA, de la Academia Británica de Cine y Televisión (59°: 2005): Mejor Dirección – Premio David Lean (finalista: Fernando Meirelles) 
586 |a Premio BAFTA, de la Academia Británica de Cine y Televisión (59°: 2005): Película con más candidaturas finalistas (10) 
586 |a Premio Goya, de la Academia Española de Cine (20°: 2006): Mejor Película Europea (finalista) 
649 |a XX 
650 |a Cineastas Brasileños 
650 |a Transnacionales en el Cine 
650 |a Industria Farmacéutica en el Cine 
650 |a Cine Social y Político 
650 |a Películas Policíacas 
650 |a Melodramas 
650 |a Dramas Cinematográficos 
650 |a Making Of (Documentales detrás de Cámaras) 
650 |a Cine Independiente -  |z Inglaterra 
650 |a Cine Inglés -  |y 2000-2009 
650 |a Cine Inglés -  |y Siglo XXI 
650 |a Cine Inglés -  |x Historia y Crítica 
650 |a Novela Inglesa -  |x Adaptaciones para Cine 
650 |a Literatura Inglesa -  |y Siglo XXI -  |x Adaptaciones para Cine 
650 |a Literatura y Cine 
650 |a Duelo 
650 |a Investigación del Delito 
650 |a Medicamentos -  |x Pruebas 
650 |a Medicamentos -  |x Reacciones Secundarias 
650 |a Etica en los Negocios 
650 |a Etica Científica 
650 |a Epidemias 
650 |a Encubrimiento 
650 |a Corrupción 
650 |a Problemas Sociales 
650 |a Cooperación Internacional 
650 |a Política Exterior -  |z Gran Bretaña -  |x Historia -  |y Isabel II, 1952 en Adelante 
650 |a Política y Salud Pública -  |z Kenia -  |x Historia 
650 |a Kenia en el Cine 
740 0 |a Acogiendo Africa :  |b filmación en Kenya = Embracing Africa : Filming en Kenya /  |c Prod. de C. Burrows, P. Ayers, S. Kotretsos. 
740 0 |a John Le Carré :  |b de la página a la pantalla = John Le Carré : From Page to the Screen /  |c Prod. de C. Burrows, P. Ayers, S. Kotretsos. 
740 0 |a Anatomía global de un thriller :  |b detrás de las cámaras de El jardinero fiel = Anatomy of a Global Thriller : Behind the Scenes of The Constant Gardener /  |c Realización de P. Ayers ; prod. de C. Burrows. 
700 |a Caine, Jeffrey  |e (guión) 
700 |a Charlone, César  |e (fotógrafo) 
700 |a Simpson, Claire  |e (montaje) 
700 |a Iglesias, Alberto  |e (música) 
700 |a Fiennes, Ralph  |e (actuación) 
700 |a Weisz, Rachel  |e (actuación) 
700 |a Huston, Danny  |e (actuación) 
700 |a Burrows, Colin  |e (producción) 
700 |a Ayers, Philip  |e (producción) 
700 |a Kotretsos, Sophia  |e (producción) 
700 |a Ayers, Philip  |e (realización) 
700 |a Hill, Sean  |e (fotógrafo) 
700 |a Kotretsos, Sophia  |e (montaje) 
910 |a Fondo General 
920 |a Audiovisuales - DVDs 
940 |a Películas 
905 |a 302 
901 |a 0500129130  |b IT2  |c DVS  |u 20250521 
901 |a 0500275867  |b IT2  |c DVS  |i D101037  |u 20250521 
902 |a https://opac.biblio.iteso.mx/vufind/Record/000190558